00665nam a2200169Ia 4500008004100000100001500041245018400056245002500240260005900265260000900324300001100333650001800344650001500362856002600377999001900403952007300422170221s9999 xx 000 0 und d aWendy Chan aExploring the Influence of Social Interaction, Pressure and Trust in a Social Media Environment on Political Participation: The Case of Occupy Central in 2014 Wendy Chan Wing Lam  cWendy Chan, Wing Lam bOnline Journal of Communication and Media Technologies c2014 a34 : 7 xCommunication xMedia Arts uhttp://www.ojcmt.net/ c310826d310826 001040aCLbCLd2017-02-21l0r2017-02-21 00:00:00w2017-02-21yFOJ